000 00662nam a22002297a 4500
003 UA-OsUOA
001 49521
007 ta
008 20131225b un ||||| |||| 00| 0 ukr d
090 _a82-2
_bЯ51
942 _cBR
040 _aUA-OsUOA
_bukr
_cUA-OsUOA
_dUA-OsUOA
245 _aЯлинка (Різдвяна збірка)
300 _a46 с.
955 _a3
041 _aukr
080 _a82-2
260 _bМій Приятель
_c1951
650 7 _a82 Література. Літературознавство
_2UDC
999 _c429637
_d429637